000 00563 a2200169 4500
999 _c9474
_d9474
020 _a9780195985825 (pbk.)
050 0 0 _aKTL 920 SCO 2006
100 _aScott, Johan
_eeditor
245 0 4 _aThe law of commerce in South Africa /
_cJohan Scott, Dumile Baqwa ... [et al.].
264 _aSouth Africa :
_bOxford University Press,
_c2006
300 _axvi, 400 p. :
_bill. ;
504 _aIncludes bibliographical references and index
650 0 _aCommercial law
700 1 _aScott, T. J.
_q(T. Johan)
700 1 _aBaqwa, Dumile.
942 _2lcc
_cBK
_h920
_iSCO
_kKTL